| 000 | 00615nam a22001817a 4500 | ||
|---|---|---|---|
| 003 | OSt | ||
| 005 | 20240604154152.0 | ||
| 008 | 240604b ||||| |||| 00| 0 eng d | ||
| 040 | _cAIMIT LIBRARY | ||
| 100 |
_aA B, Yajna. _e202029 _9169240 |
||
| 245 |
_aData integration and analysis using insurance data / _cBy Yajna AB ; Guided by Rakesh Kumar and Nawfal Suhail. |
||
| 260 |
_aMangalore _c2022 |
||
| 650 |
_aOrganization details _9169241 |
||
| 700 |
_aKumar, Rakesh. _eGuide _9169242 |
||
| 700 |
_aSuhail, Nawfal. _eGuide _9169243 |
||
| 856 |
_3Riskonnect Services Pvt Ltd _ywww.riskonnect.com |
||
| 942 |
_2ddc _cPRO |
||
| 999 |
_c231034 _d231034 |
||